000
00235nam a2200097Ia 4500
001
760341
005
20250826165146.0
008
250824s9999 xx 000 0 und d
245
0
_a
ROMANLAR
_c
CAHİT ZARİFOĞLU
260
_b
BEYAN YAYINLARI
999
_c
760341
_d
760341